Penguins in the wild (Record no. 8512)

MARC details
000 -LEADER
fixed length control field 00763nam a22002657a 4500
001 - CONTROL NUMBER
control field 8512
003 - CONTROL NUMBER IDENTIFIER
control field FISKH
005 - DATE AND TIME OF LATEST TRANSACTION
control field 20250917085010.0
008 - FIXED-LENGTH DATA ELEMENTS--GENERAL INFORMATION
fixed length control field 250917b cb ||||| |||| 00| 0 eng d
040 ## - CATALOGING SOURCE
Original cataloging agency FISKH
Language of cataloging eng
Transcribing agency FISKH
Modifying agency FISKH
082 ## - DEWEY DECIMAL CLASSIFICATION NUMBER
Classification number 598.4
100 ## - MAIN ENTRY--PERSONAL NAME
Personal name Moon, Cliff
245 ## - TITLE STATEMENT
Title Penguins in the wild
260 ## - PUBLICATION, DISTRIBUTION, ETC.
Place of publication, distribution, etc. Lansdowne Place :
Name of publisher, distributor, etc. Wayland,
Date of publication, distribution, etc. 1984.
300 ## - PHYSICAL DESCRIPTION
Extent 30 pages :
Other physical details color illustrations ;
Dimensions 24 cm
505 ## - FORMATTED CONTENTS NOTE
Formatted contents note H<br/>
520 ## - SUMMARY, ETC.
Summary, etc. Discusses penguins and their day-to-day lives in the world.
521 8# - TARGET AUDIENCE NOTE
Target audience note 430<br/>
Source Lexile estimate<br/>
521 8# - TARGET AUDIENCE NOTE
Target audience note H<br/>
Source Raz-Plus<br/>
650 ## - SUBJECT ADDED ENTRY--TOPICAL TERM
Topical term or geographic name entry element Penguins
Form subdivision Juvenile literature
650 ## - SUBJECT ADDED ENTRY--TOPICAL TERM
Topical term or geographic name entry element Birds
Form subdivision Juvenile literature
650 ## - SUBJECT ADDED ENTRY--TOPICAL TERM
Topical term or geographic name entry element Wildlife
Form subdivision Juvenile literature
942 ## - ADDED ENTRY ELEMENTS (KOHA)
Source of classification or shelving scheme Dewey Decimal Classification
Koha item type Books
Suppress in OPAC No
Holdings
Withdrawn status Lost status Source of classification or shelving scheme Damaged status Not for loan Collection Home library Current library Shelving location Date acquired Total Checkouts Full call number Barcode Date last seen Date last checked out Copy number Price effective from Koha item type
    Dewey Decimal Classification     Non-Fiction Footprints International School Library Network Toul Tom Poung Campus Footprints International School Library Network Toul Tom Poung Campus TTP Primary Dark Blue Bookshelves 09/17/2025 2 MOO 598.4 PZ7 FIS01275 03/12/2026 03/05/2026 1 09/17/2025 Books